Lateral entry into higher bureaucracy: Concerns and implications (Note) (Record no. 512749)

000 -LEADER
fixed length control field 00500nam a2200145 4500
008 - FIXED-LENGTH DATA ELEMENTS--GENERAL INFORMATION
fixed length control field 191213b ||||| |||| 00| 0 eng d
100 ## - MAIN ENTRY--PERSONAL NAME
Personal name Bhattacharya, Amitabha
245 ## - TITLE STATEMENT
Title Lateral entry into higher bureaucracy: Concerns and implications (Note)
260 ## - PUBLICATION, DISTRIBUTION, ETC. (IMPRINT)
Name of publisher, distributor, etc Indian Journal of Public Administration
300 ## - PHYSICAL DESCRIPTION
Extent 65(2), Jun, 2019: p.509-514.
650 ## - SUBJECT ADDED ENTRY--TOPICAL TERM
Topical term or geographic name as entry element Lateral entry
9 (RLIN) 14533
773 ## - HOST ITEM ENTRY
Main entry heading Indian Journal of Public Administration
906 ## - LOCAL DATA ELEMENT F, LDF (RLIN)
Subject DIP Bureaucracy - India
942 ## - ADDED ENTRY ELEMENTS (KOHA)
Source of classification or shelving scheme
Item type Articles
Holdings
Withdrawn status Lost status Source of classification or shelving scheme Damaged status Not for loan Permanent location Current location Date acquired Serial Enumeration / chronology Barcode Date last seen Koha item type
          Indian Institute of Public Administration Indian Institute of Public Administration 2019-12-13 65(2), Jun, 2019: p.509-514. AR122079 2019-12-13 Articles

Powered by Koha